000 00262nam a2200109Ia 4500
008 190919s9999||||xx |||||||||||||| ||und||
100 _aMaurice Hardaker
245 0 _aTotal Competitiveness
260 _alondon
_bMcGraw Hill
_c2004
300 _a96
942 _cBK
999 _c11160
_d11160